000 00402nam a2200133Ia 4500
005 20260328101455.0
008 260328s9999||||xx |||||||||||||| ||und||
100 _aGobierno de Panamá
245 0 _aSeguridad en la Industria de la Construcción :
_b decreto Ejecutivo N° 15 /
_cGobierno de Panamá
260 _bCultural Portobelo
300 _a52 p.
650 _aLEYES Y REGLAMENTACIONES
942 _cBK
999 _c8803
_d8803